000 01997cam a22005054i 4500
003 PE-LiUPU
005 20250731173013.0
008 150623s1999 nyu rb 000 0 eng d
020 _a038541112X
035 _a(Sirsi) i9780385411127
040 _aPE-LiUPU
_bspa
_cPE-LiUPU
_erda
049 _aPRUA
082 0 4 _a220.7
_bAB1999
_221
100 1 _aLundbom, Jack R.,
_eautor.
245 1 0 _aJeremiah 1-20 :
_ba new translation with introduction and commentary.
_n21A /
_cJack R. Lundbom.
264 1 _aNew York, NY :
_bDoubleday,
_c1999.
300 _a934 páginas ;
_c24 centímetros.
336 _atext
_2rdacontent
337 _aunmediated
_2rdamedia
338 _avolume
_2rdacarrier
490 0 _aThe Anchor Bible ;
_v21A
504 _aIncluye bibliografía.
505 0 _aIntroduction -- Bibliography -- Translation, notes and comments -- Appendixes -- Indexes.
526 _aSEG42
526 _aSEG41
526 _aSEG40
526 _aSEG39
526 _aP94
526 _aP87
526 _aP86
526 _aP85
526 _aP77
526 _aP76
526 _aP35
630 _aBiblia.
_pA.T.
_pJeremías 1-20
_xComentarios.
942 _2ddc
_cBOOK
949 _a220.7 AB 21A 1999
_wDEWEY
_c1
_i47242
_lCCODEBUL1
_mBUL
_r0
_sY
_tBOOK
_u2015-6-24
_xTEOLOGIA
_PP35
_0COMPRA
_o.STAFF. Colección General
949 _a220.7 AB 21A 1999
_wDEWEY
_c2
_i47184
_d2015-9-24
_e2015-9-23
_lCCODEBUL1
_mBUL
_n1
_r0
_sY
_tBOOK
_u2015-6-24
_xTEOLOGIA
_PP35
_0COMPRA
_o.STAFF. Colección General
994 _aC0
_bPEPRU
596 _a1
999 _a220.7 AB 21A 1999
_wDEWEY
_c23733
_i47242
_d23733
_f2021-11-9
_g5
_lCCODEBUL1
_mBUL
_q2
_r0
_sY
_tBOOK
_u2015-6-24
_xTEOLOGIA
_PP35
_0COMPRA
_o.STAFF. Colección General
999 _a220.7 AB 21A 1999
_wDEWEY
_c2
_i47184
_d2019-6-11
_e2015-9-23
_f2021-11-9
_g5
_lCCODEBUL1
_mBUL
_n1
_p15.00
_q4
_r0
_sY
_tBOOK
_u2015-6-24
_xTEOLOGIA
_PP35
_0COMPRA
_o.STAFF. Colección Teología
980 _81
_gALBERTO SANCHEZ Responsable de Automatización